[Event "Hamburg-ch Seniors op 13th"]
[Site "Hamburg"]
[Date "2006.10.31"]
[Round "5"]
[White "Chek, Anatoliy"]
[Black "Krischer, Ulrich"]
[Result "1-0"]
[WhiteElo "1669"]
[BlackElo "1648"]
[PlyCount "122"]
[EventDate "2006.10.27"]
[EventType "swiss"]
[EventRounds "9"]
[EventCountry "GER"]
[SourceTitle "EXT 2022"]
[Source "ChessBase"]
[SourceDate "2021.10.06"]
[SourceVersion "1"]
[SourceVersionDate "2021.10.06"]
[SourceQuality "1"]

1. d4 d5 2. c4 c6 3. Nc3 Nf6 4. Bf4 e6 5. c5 Be7 6. h3 Nbd7 7. e3 0-0 8. Bd3 b6 9. b4 a5 10. a3 bxc5 11. bxc5 Ba6 12. Nf3 Bxd3 13. Qxd3 Nh5 14. Bh2 f5 15. 0-0 Nhf6 16. Ng5 Qc8 17. Nxe6 Rf7 18. Ng5 Rf8 19. Qxf5 Nb8 20. Qe6+ Qxe6 21. Nxe6 Rc8 22. Rab1 Nbd7 23. a4 Kf7 24. Ng5+ Kg6 25. Nf3 h6 26. Rb7 Bf8 27. Rfb1 Rd8 28. Ne5+ Nxe5 29. Bxe5 Rd7 30. R7b6 Rc8 31. Ra6 Be7 32. Rxa5 Bd8 33. Ra6 Kf5 34. f3 h5 35. Kf2 h4 36. a5 Rf7 37. Na4 Nd7 38. Nb6 Bxb6 39. axb6 Nxc5 40. b7 Rxb7 41. Rxb7 Nxb7 42. Ra7 Nd8 43. Rxg7 c5 44. Rc7 Rxc7 45. Bxc7 Ne6 46. Bb6 c4 47. Ba5 Ng5 48. Bd8 Kg6 49. Ke2 Kh5 50. Bxg5 Kxg5 51. e4 Kf6 52. exd5 Ke7 53. Kd2 Kd6 54. Kc3 Kxd5 55. f4 Ke4 56. f5 Kxf5 57. Kxc4 Kf4 58. d5 Kg3 59. d6 Kxg2 60. d7 Kxh3 61. d8Q Kg3 1-0

[Event "Hamburg-ch Seniors op 13th"]
[Site "Hamburg"]
[Date "2006.10.28"]
[Round "2"]
[White "Graffenberger, Marianne"]
[Black "Chek, Anatoliy"]
[Result "0-1"]
[WhiteElo "1266"]
[BlackElo "1669"]
[PlyCount "104"]
[EventDate "2006.10.27"]
[EventType "swiss"]
[EventRounds "9"]
[EventCountry "GER"]
[SourceTitle "EXT 2022"]
[Source "ChessBase"]
[SourceDate "2021.10.06"]
[SourceVersion "1"]
[SourceVersionDate "2021.10.06"]
[SourceQuality "1"]

1. e4 d5 2. exd5 Qxd5 3. Nc3 Qa5 4. Nf3 Nf6 5. Be2 Bg4 6. 0-0 e6 7. d4 c6 8. Bd2 Qc7 9. Re1 Bd6 10. Bg5 Bxf3 11. Bxf3 Bxh2+ 12. Kh1 Bd6 13. Ne4 Nxe4 14. Bxe4 h6 15. Bh4 g5 16. Bg3 Bxg3 17. fxg3 0-0 18. Qf3 Kg7 19. Bd3 Nd7 20. Qe4 Nf6 21. Qe5 Qxe5 22. dxe5 Nd5 23. c4 Nb4 24. Be4 Rad8 25. a3 Na6 26. b3 Nc5 27. b4 Nxe4 28. Rxe4 Rd3 29. Kh2 Rfd8 30. c5 Rd1 31. Re1 Rxa1 32. Rxa1 g4 33. a4 Rd5 34. Re1 a6 35. Re4 h5 36. Kg1 a5 37. Kh2 axb4 38. Rxb4 Rxc5 39. Rxb7 Ra5 40. Rc7 Rxa4 41. Rxc6 Ra5 42. Rc7 Rxe5 43. Kg1 Rf5 44. Rd7 Kf6 45. Rb7 Ke5 46. Rb5+ Kd4 47. Rxf5 exf5 48. Kf2 Kd3 49. Ke1 Ke3 50. Kf1 f4 51. gxf4 Kxf4 52. Kf2 h4 0-1